000 01405nab a22002537a 4500
999 _c5473
_d5473
003 OSt
005 20251123221253.0
008 190603e xxum|||| |||| 00| 0 spa d
040 _cPJ
100 _96474
_aVinti, Ángela M.
245 1 3 _aEl contrato de depósito irregular /
_cÁngela M. Vinti.
260 _cCiudad Autónoma de Buenos Aires :
_aThomson Reuters La Ley,
_b2025.
300 _ap. 241-250
500 _aCita Online: TR LALEY AR/DOC/61/2025
505 _aSumario: I. Introducción.— II. Los hechos del caso.— III. La decisión adoptada por la Cámara.— IV. Una cuestión procesal. El valor de la denuncia penal hecha por uno de los litigantes en el proceso civil.— V. El contrato de caja de seguridad.— VI. El contrato de depósito.— VII. La causa penal.— VIII. Fallar con perspectiva de vulnerabilidad en sede civil.— IX. Una reflexión final sobre la tasa de interés.— X. Conclusiones.
505 _t¿Te interesa el texto completo? Solicitalo al correo: koha@justierradelfuego.gov.ar
650 0 _91497
_aCODIGO CIVIL Y COMERCIAL
650 0 _93463
_aCONTRATOS
650 0 _94315
_aCONTRATO DE CAJA DE SEGURIDAD
650 0 _95233
_aPANDEMIA
650 0 _94695
_aSITUACIÓN DE VULNERABILIDAD
773 0 _02713
_93170
_dCiudad Autónoma de Buenos Aires : Thomson Reuters La Ley, 2015-
_tRevista Código Civil y Comercial. Nº 2 - Abril 2025
942 _2udc
_cANA